| 000 | 02107nam a2200397 a 4500 | ||
|---|---|---|---|
| 001 | 000011500 | ||
| 003 | DO-SdBNP | ||
| 005 | 20210817083458.0 | ||
| 008 | 091019t2005 dr ac 001 j spa d | ||
| 020 | _z9993483285 | ||
| 040 |
_aBPMSU _bspa _cBPMSU |
||
| 082 | 4 |
_aRD863.4408 _bB846a |
|
| 092 | _a | ||
| 245 | 0 | 0 |
_aBreve antología del cuento dominicano / _cJuan Bosch ... [et al.]. |
| 260 |
_aSanto Domingo : _bABC, _c2005. |
||
| 300 |
_a142 p. : _bil., retrs. ; _c22 cm. |
||
| 505 | 0 |
_tLa mujer / _rJuan Bosch -- _tLa noche buena de Encarnación Mendoza / _rJuan Bosch -- _tLos amos / _rJuan Bosch -- _tEl diablo ronda en los guayacanes / _rSócrates Nolasco -- _tEn busca del enganche / _rRamón Marrero Aristy -- _tLa ventana / _rHilma Contreras -- _tLa enemiga / _rVirgilio Díaz Grullón -- _tRatones / _rVirgilio Díaz Grullón -- _tEl gato / _rArmando Almánzar Rodríguez -- _tLa fértil agonía del amor / _rMarcio Véloz Maggiolo -- _tAhora que vuelvo, Ton / _rRené del Risco Bermúdez -- _tDelicatessen / _rMiguel Afonseca -- _tEnvidia / _rJeannette Miller -- _tLos muchachos del Memphis / _rPedro Peix -- _tMasticar una rosa / _rÁngela Hernández -- _gApéndices : _tApuntes sobre el arte de escribir cuentos / _rJuan Bosch -- _tApuntes sobre la cuentística de Virgilio Díaz Grullón / _rÁngela Hernández -- |
|
| 650 | 4 |
_aCuentos dominicanos _xColecciones |
|
| 650 | 4 | _aLiteratura dominicana | |
| 700 | 1 |
_aBosch, Juan, _d1909-2001 _91 |
|
| 700 | 1 |
_aNolasco, Sócrates, _d1884-1980 |
|
| 700 | 1 |
_aMarrero Aristy, Ramón, _d1913-1959 |
|
| 700 | 1 |
_aContreras, Hilma, _d1913-2006 |
|
| 700 | 1 |
_aDíaz Grullón, Virgilio, _d1924-2001 |
|
| 700 | 1 |
_aAlmánzar Rodríguez, Armando, _d1935- |
|
| 700 | 1 |
_aVeloz Maggiolo, Marcio, _d1936- |
|
| 700 | 1 |
_aRisco Bermúdez, René del, _d1937-1972 |
|
| 700 | 1 |
_aAlfonseca, Miguel, _d1942-1994 |
|
| 700 | 1 |
_aMiller, Jeannette, _d1944- |
|
| 700 | 1 |
_aPeix, Pedro, _d1952- |
|
| 700 | 1 |
_aHernández, Ángela, _d1954- |
|
| 910 | _aValidado. Control de calidad EMS. | ||
| 942 |
_2ddc _cBK |
||
| 945 | _aRemanejado para BNPHU / 2017 VM | ||
| 956 |
_aVMATEO _b10 _c20150623 _lBPMSU |
||
| 999 |
_c7933 _d7933 |
||